000 00700nam a22002177a 4500
999 _c16883
_d16883
003 AR-CdUCM
008 190307b ||||| |||| 00| 0 spa d
040 _aMUNICIPALIDAD PROVINCIAL DEL CUSCO
_cBIBLIOTECA MUNICIPAL DEL CUSCO
082 _a860.8 /
_bC24
100 _aCamba, Julio
_911835
245 _aMis páginas mejores /
260 _aMadrid :
_bGredos,
_c1956.
300 _a253 páginas ;
_c21 cm.
440 _aBiblioteca románica hispánica
_920948
505 _aContenido : Sentido de esta antología -- Una ojeada al mundo -- Franceses ...
650 _aLiteratura
_983
650 _aPáginas
_936608
650 _aSiglo XX
_98
942 _2ddc
_cLIBROS
945 _arah
_d06/05/2019